The Weeknd: Starboy Trivia - Statistics

General Stats
  • This quiz has been taken 46 times
  • The average score is 8 of 10
Answer Stats
Hint Answer % Correct
Artist featured on Stargirl Interlude Lana del Rey
98%
Most streamed song on album Starboy
98%
"Woke up by a girl, I don't even know her ___" Name
95%
Number of tracks Eighteen
88%
Song featuring Kendrick Lamar Sidewalks
88%
"Baby let me tell the ___" Truth
83%
Final song on album I Feel it Coming
76%
"She'd rather die in the club til she ___ ___ ___" Six Feet Under
73%
"Cause she love to ___" Lay
68%
14th track on album Ordinary Life
66%
No matching quizzes found
Score Distribution
Percent of People with Each Score
Percentile by Number Answered
Your Score History
You have not taken this quiz